000 00955nam a2200277Ia 4500
003 OSt
005 20221005071310.0
006 a|||||r|||| 00| 0
007 ta
008 221004b |||||||| |||| 00| 0 eng d
020 _a8173052700
_c1800
024 _a83030
037 _b9349, 30/03/2005, Aryan Books International
_cTextual
040 _aCRL
_cCRL
_beng
041 _2eng
_aeng
082 _aV49G:71v, P4
100 _aRay Himanshu Prabha Ed.
245 0 _aArchaeology as history in early South Asia edited by Himanshu Prabha Ray and Carla M. Sinopoli
260 _aNew Delhi
_bAryan Books International India
_c2004
300 _a511p.
_ccm.
650 _a HISTORY
650 _aARCHEOLOGY - SOUTH ASIA
_9591732
700 _a Sinopoli Carla M. Ed.
_9146178
942 _hV49G:71v, P4
_cTEXL
_2cc
999 _c977615
_d977615